Word Ladder: Singers with Colorful Names Quiz Stats

Quiz Updated Oct 4, 2014

Challenge
Share
Tweet
Embed
Score 0/37 Timer 06:00
0 Plays Today
Hint Answer % Correct
'Forget You' SingerFREDS
89.7%
'Forget You' SingerFREES
89.5%
'It's a Man's Man's World' SingerCOOPS
88.3%
'Forget You' SingerGREED
87.7%
'It's a Man's Man's World' SingerCAPES
85.6%
'Forget You' SingerCELLO
85.4%
'It's a Man's Man's World' SingerCORPS
84.8%
'It's a Man's Man's World' SingerCROPS
84.8%
'Forget You' SingerFREED
84.6%
'Forget You' SingerFEEDS
84.3%
'It's a Man's Man's World' SingerGROWS
84%
'It's a Man's Man's World' SingerGROWN
83.6%
'Forget You' SingerFEELS
83%
'Forget You' SingerFELLS
82%
'It's a Man's Man's World' SingerCOPES
81.9%
'Forget You' SingerCELLS
81.7%
'It's a Man's Man's World' SingerCORES
80.8%
'Forget You' SingerGREEN
79%
'Can't Get Enough of Your Love' SingerBARTS
78.5%
Hint Answer % Correct
'It's a Man's Man's World' SingerGROSS
78.3%
'It's a Man's Man's World' SingerCROSS
75.1%
'Can't Get Enough of Your Love' SingerWARTS
72.7%
'Nobody's Home' and 'Like the Rain' SingerCLICK
71.7%
'Nobody's Home' and 'Like the Rain' SingerCLOCK
71.4%
'Can't Get Enough of Your Love' SingerBARRS
71.3%
'Forget You' SingerCEE-LO
69.3%
'Nobody's Home' and 'Like the Rain' SingerBLOCK
68.6%
'Nobody's Home' and 'Like the Rain' SingerCLINK
66.5%
'It's a Man's Man's World' SingerBROWN
66.3%
'Can't Get Enough of Your Love' SingerWAITS
61%
'Can't Get Enough of Your Love' SingerWAITE
60%
'Can't Get Enough of Your Love' SingerWHITE
57.9%
'Can't Get Enough of Your Love' SingerBARRY
57.8%
'Nobody's Home' and 'Like the Rain' SingerBLACK
57.8%
'It's a Man's Man's World' SingerJAPES
55.7%
'It's a Man's Man's World' SingerJAMES
54.4%
'Nobody's Home' and 'Like the Rain' SingerCLINT
49.1%

Today's Daily Dose

Missing Word
For Dummies Books

Word Ladder
Ariana Grande

Quick Pick
1970s Authors

On This Day
June 21st II

You're not logged in!

Compare scores with friends on all Sporcle quizzes.
Join for Free
OR
Log In

You Might Also Like...

Show Comments

Extras

Top Quizzes Today


Score Distribution

Your Account Isn't Verified!

In order to create a playlist on Sporcle, you need to verify the email address you used during registration. Go to your Sporcle Settings to finish the process.

Report this User

Report this user for behavior that violates our Community Guidelines.

Details: